00441nam a2200133Ia 4500008004100000041000800041082001500049100002200064245002700086260003700113300000900150999001700159952013100176220803s9999 xx 000 0 und d aeng a591.46 Gum aGumasthe C930036 aYka Ddyeyachi Ysogatha aMumbaibMajestic Prakashanc2014 a120p c18872d18872 00104070aBNCAbBNCAd2018-07-04eAuthorg150.00l0o591.46 GumpBNCA-DB-1610r2022-08-03 00:00:00w2022-08-03yDBzDB001610